| 000 | 00703nam a2200193Ia 4500 | ||
|---|---|---|---|
| 008 | 151121s9999||||xx |||||||||||||| ||und|| | ||
| 082 | _a813/बेडेक | ||
| 082 | _bHNW-59435 | ||
| 100 | _aबेडेकर विश्राम | ||
| 245 | _aस्वातंत्र्यवीर सावरकर | ||
| 260 | _bपॉप्युलर प्रकाशन | ||
| 260 | _c-- | ||
| 300 | _a188 | ||
| 600 | _aबेडेकर विश्राम | ||
| 630 | _aस्वातंत्र्यवीर सावरकर | ||
| 700 | _aबेडेकर विश्राम | ||
| 730 | _aस्वातंत्र्यवीर सावरकर | ||
| 942 | _cBOOK | ||
| 999 |
_c1241219 _d1241216 |
||